00356nam a2200121 a 450000500170000000800410001705000240005824500660008226000480014844000150019665000170021165000060022820140414131935.0110112s19uu xx 00 eng d aREF 567.9bD54 2004 aDid dinosaurs baby-sit? :bDinosaurs and prehistoric animals. aNashville, Tennessee :bMiles Kelly,c2004. aAsk me why aDinosaursx  a